000 00361nam a22001457a 4500
003 OSt
005 20250715094408.0
008 240812b |||||||| |||| 00| 0 eng d
020 _a9789587013450
040 _cCO-JMCR
082 _a610.7
_bR43e
_223
245 _aEscuela de medicina /
_bEstela Restrepo Zea
300 _a164 páginas ;
_c17 cm.
942 _2ddc
_cBK
999 _c30801
_d17185